Papi celebri - Statistics

Statistiche generali
  • Questo quiz è stato fatto 242 volte
    101 dall'ultimo reset
  • Il punteggio medio è 15 su 36
Statistiche sulle risposte
Indizio Data Papa % Corretto
Apostolo di Gesù, primo pontefice della storia e fondatore della chiesa di Roma. Viene venerato come santo. 33-67 Pietro
97%
267° papa, è il primo pontefice proveniente dagli Stati Uniti e il primo appartenente all'ordine agostiniano. 2025-oggi Leone XIV
77%
266° papa, è l'unico pontefice argentino della storia, il primo nato nel continente americano ed il primo papa proveniente dall'ordine dei Gesuiti. 2013-2025 Francesco
76%
265° papa, grande teologo, rinunciò al titolo di "Patriarca d'Occidente", nel 2013 abdicò al ruolo di pontefice, ritirandosi in convento, dove è morto nel 2022. 2005-2013 Benedetto XVI
73%
264° papa, è l'unico pontefice polacco della storia, nonché l'unico slavo. Fu il primo papa non italiano da 455 anni, e il terzo più longevo della storia. Si impegnò nella lotta al comunismo, promosse la revisione dei Patti Lateranensi, viaggiò molto in Italia e nel mondo, praticò vari sport ed è il papa che ha canonizzato più santi nella storia della Chiesa. Viene venerato come santo. 1978-2005 Giovanni Paolo II
70%
263° papa, detto anche "il papa del sorriso", il suo è il pontificato più breve della storia della Chiesa moderna: morì infatti soltanto trentatré giorni dopo la sua elezione al Soglio. 1978 Giovanni Paolo I
68%
261° papa, detto "il papa buono", avviò l'universalizzazione della Chiesa convocando il Concilio Vaticano II, punto di svolta della Chiesa contemporanea. Ebbe un ruolo determinante nell'evitare lo scoppio di una guerra nucleare durante la crisi dei missili di Cuba, nel 1962. Viene venerato come santo. 1958-1963 Giovanni XXIII
66%
262° papa, concluse il Concilio Vaticano II. Per primo viaggiò fuori dall'Europa, e durante un viaggio in Asia, nel 1970 a Manila, subì un attentato. Viene venerato come santo. 1963-1978 Paolo VI
64%
259° papa, nel 1929 fece firmare i Patti Lateranensi, ponendo fine alla questione romana dopo quasi sessant'anni, e divenne il primo sovrano della Città del Vaticano. 1922-1938 Pio XI
63%
260° papa, fu pontefice durante gli anni della Seconda Guerra Mondiale e dell'occupazione nazista di Roma, durante i quali incontrò di persona il popolo di Roma dopo i bombardamenti alleati. Fu criticato da alcuni per non essersi maggiormente esposto nei confronti dei regimi totalitari. 1939-1958 Pio XII
63%
255° papa e ultimo sovrano dello Stato Pontificio (fino al 1870). Fu inizialmente assunto a punto di riferimento dai rivoluzionari risorgimentali, prima di diventare ostacolo della causa dell'unificazione italiana, Dopo la conquista italiana di Roma si ritenne prigioniero dello stato sabaudo, ed ordinò ai cattolici di non partecipare alla politica italiana. Il suo è il pontificato più lungo della storia dopo quello tradizionale di san Pietro. 1846-1878 Pio IX
51%
193° papa, nel 1300 celebrò il primo anno santo della storia, ma è famoso soprattutto per aver subito lo Schiaffo di Anagni e per il ritratto impietoso che di lui fece Dante Alighieri nella sua Divina Commedia. 1294-1303 Bonifacio VIII
46%
258° papa, fu pontefice durante la Grande Guerra, da lui definita "l'inutile strage"; cercò di fermare la guerra, ma i suoi appelli per la pace non vennero ascoltati dai potentati europei. 1914-1922 Benedetto XV
45%
64° papa, detto "Magno" e venerato come dottore della chiesa, rafforzò il potere temporale del pontefice e riformò profondamente la liturgia romana, introducendo tra l'altro un tipo di canto liturgico che da lui prese il nome. Viene venerato come santo. 590-604 Gregorio I
45%
45° papa, detto "Magno", è noto soprattutto per aver convinto, armato della sola croce, Attila a non marciare su Roma, e per aver poi salvato la popolazione della città dai Vandali. Viene venerato come santo. 440-461 Leone I
41%
192° papa, fu pontefice soltanto per poco più di tre mesi, prima di abdicare ("Il gran rifiuto") e ritirarsi in un eremo, prima di venire imprigionato dal successore. Fu anche il primo papa a esercitare il suo ministero fuori dai confini dello Stato Pontificio. Viene venerato come santo. 1294 Celestino V
40%
214° papa, esponente della famiglia spagnola dei Borgia, fece firmare il trattato di Tordesillas alle potenze iberiche; molto famosi sono i suoi figli illegittimi Cesare (il duca Valentino) e Lucrezia. 1492-1503 Alessandro VI
39%
216° papa, noto come "il papa guerriero" o "il papa terribile", fondò i Musei Vaticani, fu mecenate, operò la conquista di Umbria e Romagna e intraprese il primo viaggio di un papa nella veste di Capo di Stato. 1503-1513 Giulio II
36%
96° papa, fu lui a incoronare Carlo Magno imperatore nella notte di natale dell'800. Viene venerato come santo. 795-816 Leone III
34%
217° papa, figlio di Lorenzo il Magnifico, trasformò la curia in una vera e propria corte rinascimentale; a causa però della vendita di indulgenze da lui organizzata, sotto il suo pontificato avvenne lo scisma di Martin Lutero. 1513-1521 Leone X
34%
157° papa, lottò per affermare il primato del potere papale su quello laico, emise il "Dictatus papae" e condusse la lotta per le investiture contro l'imperatore, culminata con l'umiliazione di Canossa inflitta ad Enrico IV nel 1077. Viene venerato come santo. 1073-1085 Gregorio VII
30%
219° papa, esponente della famiglia Medici, nel 1527 fu costretto a fuggire dal Vaticano durante il sacco di Roma perpetrato dai lanzichenecchi di Carlo V d'Asburgo, che poi perdonò e incoronò imperatore. 1523-1534 Clemente VII
26%
159° papa, nel 1095, al concilio di Clermont, bandì la prima crociata, dando il via a due secoli di guerre tra cristiani e musulmani nel Levante. 1088-1099 Urbano II
26%
195° papa, è ricordato per aver soppresso l'ordine dei Templari e per aver spostato la sede papale ad Avignone. 1305-1314 Clemente V
24%
220° papa, è noto soprattutto per aver consentito la fondazione dell'ordine gesuita e per aver convocato, nel 1535, il concilio di Trento. 1534-1549 Paolo III
24%
176° papa, noto per la lotta condotta contro le eresia, soprattutto quella catara, e per i tentativi di ricomporre lo scisma d'oriente, falliti a causa della quarta crociata. 1198-1216 Innocenzo III
23%
218° papa, è stato l'unico pontefice olandese della storia. Tentò di riformare i costumi corrotti della curia, ma non ci riuscì. 1522-1523 Adriano VI
22%
33° papa, cristianizzò lo stato romano, e secondo la leggenda fu responsabile della conversione dell'imperatore Costantino e beneficiario della falsa "Donazione", e quindi fondatore del potere temporale della Chiesa. Viene venerato come santo. 314-335 Silvestro I
22%
4° papa, ultimo ad aver conosciuto gli apostoli. A causa delle persecuzioni, di cui fu vittima, fu il primo pontefice a dover rinunciare al suo incarico. Viene venerato come santo. 88-97 Clemente I
21%
206° papa, convocò i concili di Siena e Basilea, e soprattutto durante il suo pontificato fu risolto lo scisma d'occidente. 1417-1431 Martino V
21%
224° papa, fu lui a concludere il concilio di Trento nel 1563, segnando una svolta nella storia della Chiesa, e condusse alcune operazioni diplomatiche e militari in difesa dell'ortodossia cattolica. 1559-1565 Pio IV
18%
139° papa, fu il primo pontefice di nazionalità francese; assieme all'imperatore Ottone III tentò di riformare l'ordine politico e religioso dell'Europa. 999-1003 Silvestro II
17%
169° papa, è stato l'unico pontefice britannico della storia. 1154-1159 Adriano IV
16%
188° papa, noto per il nepotismo e per essere stato il primo pontefice a risiedere stabilmente in Vaticano. Dante Alighieri lo colloca all'Inferno, tra i simoniaci. 1277-1280 Niccolò III
13%
138° papa, fu il primo pontefice di nazionalità germanica. 996-999 Gregorio V
12%
187° papa, è stato l'unico pontefice portoghese della storia. Dante Alighieri lo cita nel Paradiso, tra gli spiriti sapienti. 1276-1277 Giovanni XXI
11%
Nessun quiz corrispondente trovato
Distribuzione punteggi
Percentuale di utenti per punteggio
Percentile per numero di risposta
I tuoi punteggi nel tempo
Non hai fatto questo quiz dall'ultimo reset